Manual de cultivos agrícolas / (Record no. 162228)

MARC details
000 -LEADER
campo de control de longitud fija 00898nam a2200229 i 4500
001 - NÚMERO DE CONTROL
campo de control 162228
003 - IDENTIFICADOR DE NÚMERO DE CONTROL
campo de control ES-MaACL
005 - FECHA Y HORA DE LA ÚLTIMA TRANSACCIÓN
campo de control 20250728095943.0
008 - DATOS DE LONGITUD FIJA--INFORMACIÓN GENERAL
campo de control de longitud fija 990713s1879 sp |||| | spa d
080 ## - NÚMERO DE LA CLASIFICACIÓN DECIMAL UNIVERSAL
Número de la Clasificación Decimal Universal 63(035)
100 1# - ENTRADA PRINCIPAL--NOMBRE DE PERSONA
Nombre de persona Plá y Rave, Eugenio.
9 (RLIN) 131225
245 10 - MENCIÓN DEL TÍTULO
Título Manual de cultivos agrícolas /
Mención de responsabilidad, etc. por D. Eugenio Plá y Rave.
260 ## - PUBLICACIÓN, DISTRIBUCIÓN, ETC.
Lugar de publicación, distribución, etc. Madrid :
Nombre del editor, distribuidor, etc. [s.n.],
Fecha de publicación, distribución, etc. 1879 (
Fabricante Tip. de G. Estrada)
300 ## - DESCRIPCIÓN FÍSICA
Extensión 156 [i.e. 256] p. ;
Dimensiones 17 cm.
490 1# - MENCIÓN DE SERIE
Mención de serie Biblioteca enciclopédica popular ilustrada. Sección 2ª. Agricultura, cultivo y ganadería
596 ## - NOTA AL PIE DE IMPRENTA
NOTA AL PIE DE IMPRENTA Marca tip. en port.: "Estrada"
650 #7 - PUNTO DE ACCESO ADICIONAL DE MATERIA--TÉRMINO DE MATERIA
Término de materia o nombre geográfico como elemento de entrada Técnicas agrícolas
Fuente del encabezamiento o término embne
9 (RLIN) 155853
700 1# - ENTRADA AGREGADA--NOMBRE PERSONAL
Nombre de persona Estrada, Gregorio.
9 (RLIN) 126979
830 0# - PUNTO DE ACCESO ADICIONAL DE SERIE-TÍTULO UNIFORME
Título uniforme Biblioteca enciclopédica popular ilustrada. Sección 2ª. Agricultura, cultivo y ganadería
9 (RLIN) 182523
852 ## - LOCALIZACIÓN
Ubicación ES-MaACL
Número de control de estantería F-13613
Nota libre - Enc. hol.
Holdings
Estatus retirado Estado de pérdida Estado de daño No para préstamo Colección Biblioteca de origen Biblioteca actual Ubicación en estantería Fecha de adquisición Total de préstamos Signatura topográfica completa Código de barras Visto por última vez Precio de reemplazo Tipo de ítem Koha
        Libros del s. XIX Biblioteca del Ateneo de Madrid Biblioteca del Ateneo de Madrid Sala Pecera Planta 2 17/01/2008   F-13613 1169955 23/02/2023 23/02/2023 Libro impreso antiguo